Normal view
MARC view
Entry Topical Term
001 - CONTROL NUMBER
- control field: 20077
003 - CONTROL NUMBER IDENTIFIER
- control field: ARRUPE
005 - DATE AND TIME OF LATEST TRANSACTION
- control field: 20151006143833.0
008 - FIXED-LENGTH DATA ELEMENTS
- fixed length control field: 151006|| aca||aabn | a|a d
040 ## - CATALOGING SOURCE
- Original cataloging agency: ARRUPE
- Transcribing agency: ARRUPE
150 ## - HEADING--TOPICAL TERM
- Topical term or geographic name as entry element: Medical care
- Geographic subdivision: Tanzania.
670 ## - SOURCE DATA FOUND
- Source citation: Work cat.: (ARRUPE)0: Langwick, Stacey Ann. 20075, Bodies, politics, and African healing :, c2011.